Online Catalogue and eLibrary

Kālattin̲ Viḷimpu : (Record no. 5985)

MARC details
000 -LEADER
fixed length control field 00605cam a2200205 i 4500
001 - CONTROL NUMBER
control field 19154782
005 - DATE AND TIME OF LATEST TRANSACTION
control field 20250224033151.0
008 - FIXED-LENGTH DATA ELEMENTS--GENERAL INFORMATION
fixed length control field 160628s2015 ce a 000 0 tamo
020 ## - INTERNATIONAL STANDARD BOOK NUMBER
ISBN 9789555390224
040 ## - CATALOGING SOURCE (பட்டியலாக்க மூலம்)
Original cataloging agency DLC
Language of cataloging eng
Description conventions rda
Transcribing agency DLC
Modifying agency DLC
082 ## - DDC Classification
DDC Edition Number 6935
Class No. 954.931
Item Number - Author Mark AKI
100 1# - MAIN ENTRY--PERSONAL NAME
Personal name Akilan, P
245 10 - TITLE STATEMENT
Title Kālattin̲ Viḷimpu :
Remainder of title Yāl̲ppāṇattin̲ Marapurimaikaḷum Avatr̲r̲aip Pāthukāttalum (patti el̲uttukkaḷ)
250 ## - EDITION STATEMENT
Edition statement Mutar̲patippu.
260 ## - PUBLICATION, DISTRIBUTION, ETC.
Place of publication, distribution, etc. Jaffna
Name of publisher, distributor, etc. Pearu Publication
Date of publication, distribution, etc. 2015
300 ## - PHYSICAL DESCRIPTION
Extent (e.g. Volumes, Pages etc.) x, 109 p.,
650 ## - SUBJECT ADDED ENTRY--TOPICAL TERM
Topical term or geographic name entry element Inheritance
650 ## - SUBJECT ADDED ENTRY--TOPICAL TERM
Topical term or geographic name entry element Socio-politics
942 ## - Koha item type (Biblio)
Koha item type Books in Stacks (Lending)
Holdings
Lost status Damaged status Collection code Home library Current library Date acquired Full call number Accession Number Item type
    Lending WERC Library WERC Library 02/24/2025 954.931 AKI 6935 Books in Stacks (Lending)

© WERC Library